00413pab a2200157 454500008004000000100002000040245008100060260000900141300001400150362000800164650001200172650001600184650001100200650001800211773002600229180718b2009 xxu||||| |||| 00| 0 eng d aGirish, Mahajan aDiversification of rural economy: effect on income, consumption, and poverty c2009 ap.273-89. aAug aPoverty aConsumption aIncome aRural economy aAsian Economic Review